LEADER 01131nam a2200301 a 4500 001 000000134016 003 CaOOAMICUS 005 20130523142923.0 008 130523s2006 it b u000 u ita r 020 $a88-15-09744-9 040 $aPUL$bita 082 04$a320 100 1 $aGrosso, Enrico.$0(OLS)http://pul/name/86367 245 10$aFrancia /$cEnrico Grosso. 260 $aBologna :$bIl Mulino,$c©2006. 300 $a186 p. :$c. geogr. ;$c21 cm 490 1 $aSi governano così ;$v04 504 $aBibliografia p. 177-182. 651 4$aFrancia$xPolitica e governo.$0(OLS)http://pul/subject/21482 830 0$aSi governano così ;$v04.$0(OLS)http://pul/title/169408 850 $aPUL 852 $aPUL$W1$xSL Diritto e Scienze Sociali 3$y79$m320 ENC 1.4$j154087$qDDC 21$B153638$CPULBib$Z2$F153638 $H122355 $82 941 1 $a9 996 $6020$a88-15-09744-9$9(OLS)http://pul/number/152791 996 $6082$a320$9(OLS)http://pul/classification/612 996 $6245$aFrancia$9(OLS)http://pul/title/169420 996 $6260$aBologna :$bIl Mulino$9(OLS)http://pul/publisher/47928 LEADER 01319nam a2200289 a 4500 001 000000176763 003 CaOOAMICUS 005 20240412113157.0 008 240412s2022 it u000 u ita r 020 $a978-88-13-37954-4* 032 $aLibriCat 040 $aPUL$bita 100 1 $aTakanen, Flavio.$0(OLS)http://pul/name/113621 245 10$aResponsabilità civile e penale medica :$bpercorsi logici di dottrina e giurisprudenza /$cFlavio Takanen. 260 $aMilano :$bWolters Kluwer,$c©2022$a[S.l.] :$bCEDAM 300 $aXIV, 458 p. ;$c24 cm 504 $aBibliografia : p. [447]-458. 650 4$aMedici$xResponsabilità$xDiritto.$0(OLS)http://pul/subject/35043 650 4$aDeontologia professionale.$0(OLS)http://pul/subject/38433 850 $aPUL 852 $aPUL$W1$xSL Diritto e Scienze Sociali 3$y79$m344. 4504 TAKFL 1$j200774$qDDC 21$B205726$CPULBib$Z2$F205726 $H136944 $82 941 1 $a9 996 $6020$a978-88-13-37954-4*$9(OLS)http://pul/number/169651 996 $6245$aResponsabilità civile e penale medica :$bpercorsi logici di dottrina e giurisprudenza$9(OLS)http://pul/title/218249 996 $6260$aMilano :$bWolters Kluwer$9(OLS)http://pul/publisher/87159 996 $6260$a[S.l.] :$bCEDAM$9(OLS)http://pul/publisher/87185